Saladin /

محفوظ في:

المؤلف الرئيسي: Hindley, Geoffrey (مؤلف)

التنسيق: كتاب

اللغة: English

منشور في: London : Constable, 1976.

الموضوعات:

الوسوم: إضافة وسم

لا توجد وسوم, كن أول من يضع وسما على هذه التسجيلة!

رقم الطلب: DS38.4 .S2 H56 1976b

LEADER 00807namaa2200253 4500
001 20671
003 OSt
005 20260428125628.0
008 130303s1976 enkafh b 001 0 eng d
010 |a 76012067  
020 |a 0094577900 
040 |c ARCE Library 
043 |a ff-----  |a aw----- 
050 4 |a DS38.4 .S2 H56 1976b 
100 1 |a Hindley, Geoffrey,  |e author  |9 32093 
245 1 0 |a Saladin /  |c [by] Geoffrey Hindley. 
264 1 |a London :   |b Constable,   |c 1976. 
300 |a  xv, 208 p., leaf of plate, [12] p. of plates :   |b ill., facsims. ;   |c 22 cm. 
504 |a Includes bibliographical references (pages [198]-200) and index. 
600 0 0 |a Saladin,  |c Sultan of Egypt and Syria,  |d 1137-1193. 
651 0 |a Islamic Empire  |x History  |y 750-1258. 
901 |a reviewed 
942 |c BK  |2 lcc 
999 |c 17131  |d 17131